| 000 | 00773nam a22002057a 4500 | ||
|---|---|---|---|
| 999 |
_c11566 _d11566 |
||
| 003 | AR-CdUCM | ||
| 008 | 190404b ||||| |||| 00| 0 spa d | ||
| 040 |
_aMUNICIPALIDAD PROVINCIAL DEL CUSCO _cBIBLIOTECA MUNICIPAL DEL CUSCO |
||
| 082 |
_a611.8 / 1943 / _bL57 |
||
| 100 |
_aLhermitte, Jean _928985 |
||
| 245 | _aLos mecanismos del cerebro / | ||
| 260 |
_aBuenos Aires : _bLosada, _c1943. |
||
| 300 |
_a303 páginas ; _c20 cm. |
||
| 505 | _aContenido: La evolución de las ideas sobre la significación fisiológica el cerebro -- Morfología y estructura del cerebro -- Estructura y de las circunvoluciones cerebrales... | ||
| 650 |
_aEl cerebro _928986 |
||
| 650 |
_aFisiología cerebral _928987 |
||
| 650 |
_aReflejos _915497 |
||
| 942 |
_2ddc _cLIBROS |
||
| 945 | _adavv | ||